[Event "Vladivostok Meridian op rap"]
[Site "Vladivostok"]
[Date "2015.07.19"]
[Round "4"]
[White "Musaev, Rasul"]
[Black "Sek, Konstantin"]
[Result "1/2-1/2"]
[WhiteElo "2341"]
[BlackElo "2432"]
[PlyCount "72"]
[EventDate "2015.07.18"]
[EventType "swiss (rapid)"]
[EventRounds "11"]
[EventCountry "RUS"]
[SourceTitle "EXT 2016"]
[Source "ChessBase"]
[SourceDate "2015.10.08"]
[SourceVersion "1"]
[SourceVersionDate "2015.10.08"]
[SourceQuality "1"]

1. e4 e5 2. Nf3 Nc6 3. d4 exd4 4. Nxd4 Nf6 5. Nxc6 bxc6 6. e5 Qe7 7. Qe2 Nd5 8. c4 Nb6 9. b3 g6 10. Bb2 Bg7 11. Nd2 Bb7 12. f4 d5 13. h4 h5 14. 0-0-0 0-0-0 15. Rh3 Kb8 16. Kb1 Bc8 17. Rh1 Bf5+ 18. Ka1 dxc4 19. Nf3 cxb3 20. Rc1 Qb4 21. Qe3 Nd5 22. Qxb3 Qxb3 23. axb3 Nxf4 24. Ng5 Rd7 25. g3 Ne6 26. Bg2 Rd2 27. Bxc6 Nd4 28. Bxd4 Rxd4 29. Rhe1 Rd3 30. Ka2 Rd2+ 31. Ka3 Bf8+ 32. b4 a5 33. Nxf7 Bxb4+ 34. Ka4 Ra2+ 35. Kb5 Bd3+ 36. Rc4 Bxe1 1/2-1/2

[Event "RUS-ch Higher League 68th"]
[Site "Kaliningrad"]
[Date "2015.06.28"]
[Round "6"]
[White "Shkapenko, Pavel"]
[Black "Musaev, Rasul"]
[Result "1-0"]
[WhiteElo "2431"]
[BlackElo "2341"]
[PlyCount "68"]
[EventDate "2015.06.22"]
[EventType "swiss"]
[EventRounds "9"]
[EventCountry "RUS"]
[SourceTitle "EXT 2017"]
[Source "ChessBase"]
[SourceDate "2016.10.25"]
[SourceVersion "1"]
[SourceVersionDate "2016.10.25"]
[SourceQuality "1"]

1. e4 c5 2. c3 d5 3. exd5 Qxd5 4. Nf3 g6 5. Na3 Bg7 6. Bc4 Qd8 7. Qb3 e6 8. d4 cxd4 9. Bg5 Nf6 10. Nxd4 0-0 11. 0-0-0 Qa5 12. h4 a6 13. Bxf6 Bxf6 14. h5 b5 15. Bxe6 fxe6 16. Nxe6 Qa4 17. Qxa4 bxa4 18. Nxf8 Kxf8 19. hxg6 hxg6 20. Nc4 Ra7 21. Nd6 Bd7 22. Ne4 Bg7 23. a3 Rc7 24. Rd3 Nc6 25. Rf3+ Kg8 26. Nf6+ Bxf6 27. Rxf6 Kg7 28. Rd6 Bf5 29. f3 Ne5 30. Rhd1 Nc4 31. Rxa6 Rb7 32. g4 Bd7 33. Rd4 Ne5 34. Rad6 Bb5 1-0